000 00544nam a2200193Ia 4500
001 36196
003 IN-NITTTR
005 20251114233430.0
008 251113s9999||||xx |||||||||||||| ||eng||
040 _beng
040 _cIN-NITTTR
041 _ahin
082 _a254 SH561B
100 _aShreevastav, Sudha Rani
245 0 _aभारत में महिलाओं की वैधानिक स्थिति /
_cShreevastav, Sudha Rani
260 _aNew Delhi
_b Comomwealth pub.
_c2012
300 _a285p.
942 _2ddc
_cBK
999 _c35046
_d35046